| 000 | 00906nam a2200289 a 4500 | ||
|---|---|---|---|
| 001 | 19895 | ||
| 003 | BD-RjUL | ||
| 005 | 20211209000507.0 | ||
| 008 | 14 s1999 nyua b 001 0 eng | ||
| 020 | _a0387987045 | ||
| 035 | _a(BD-RjUL)19956 | ||
| 040 |
_aBD-RjUL _beng _cBD-RjUL |
||
| 041 | _aeng | ||
| 082 |
_221 _a531.385 _bINT 1999 |
||
| 100 | 1 |
_aHan, Weimin. _961114 |
|
| 245 | 1 | 0 |
_aPlasticity : _bmathematical theory and numerical analysis / _cWeimin Han, B. Daya Reddy. |
| 260 |
_aNew York ; _aLondon : _bSpringer, _cc1999. |
||
| 300 |
_axiii, 371 p. : _bill. ; _c25 cm. |
||
| 504 | _aIncludes bibliographical references and index | ||
| 650 | 0 |
_aNumerical analysis. _961115 |
|
| 650 | 0 |
_aPlasticity. _927076 |
|
| 830 | 0 |
_vv. 9 _961341 |
|
| 700 | 1 |
_aReddy, B. Dayanand, _d1953- _961117 |
|
| 830 | 0 |
_aInterdisciplinary applied mathematics ; _961118 |
|
| 942 |
_2ddc _cBK |
||
| 999 |
_c19895 _d19895 |
||